000 00572cam a22002057a 4500
001 000218
003 armpunfd
005 20140612090602.0
008 011019e1994####xx#a##########000#0#und#d
040 _aarmpunfd
_carmpunfd
080 _a342.56 F 296
100 1 0 _a Fayt, Carlos S.
245 1 0 _aSupremacia constitucional y la independencia de los jueces
260 _a Buenos Aires
_b Depalma
_c1994
300 _a250 p.
650 7 _a Jueces
_x Argentina
_2LEMB
650 7 _a Poder Judicial
_x Argentina
_2LEMB
942 _cLB
_2cdu
945 _aCatalis
_d2010-08-19
999 _c216
_d230720